Normal view MARC view

Entry Nombre de reunión

Number of records used in: 1

001 - NÚMERO DE CONTROL

  • campo de control: 40620

003 - IDENTIFICADOR DE NÚMERO DE CONTROL

  • campo de control: OSt

005 - FECHA Y HORA DE LA ÚLTIMA TRANSACCIÓN

  • campo de control: 20250825122209.0

008 - ELEMENTOS DE DATO DE LONGITUD-FIJA

  • campo de control de longitud fija: 250825|| aca||aabn | a|a d

040 ## - FUENTE DE CATALOGACIÓN

  • Centro catalogador/agencia de origen: OSt

111 ## - ENCABEZAMIENTO--NOMBRE DE CONGRESO/REUNIÓN

  • Nombre de congreso/reunión o jurisdicción como elemento de entrada: CONFERENCIA EUROPEA DE COORDINACION DEL APOYO AL PUEBLO SAHARAUI
  • Número del congreso/reunión o número de parte o sección: (32 ª
  • Fecha del congreso o de la firma del tratado: . 2006
  • Sede del congreso/Lugar de la reunión: . Vitoria, Álava)

Powered by Koha